The God they never knew: (Record no. 3395)

000 -LEADER
fixed length control field 00757nam a2200253 a 4500
001 - CONTROL NUMBER
control field :::00001125$&:&@@
003 - CONTROL NUMBER IDENTIFIER
control field OkBaRHE
005 - DATE AND TIME OF LATEST TRANSACTION
control field 20000607103241.0
008 - FIXED-LENGTH DATA ELEMENTS--GENERAL INFORMATION
fixed length control field s1982 j 000 0 eng u
040 ## - CATALOGING SOURCE
Transcribing agency
100 1# - MAIN ENTRY--PERSONAL NAME
Personal name Otis, Jr., George.
245 14 - TITLE STATEMENT
Title The God they never knew:
Remainder of title the tragedy of religion without relationship.
260 ## - PUBLICATION, DISTRIBUTION, ETC. (IMPRINT)
Place of publication, distribution, etc Milford, MI., :
Name of publisher, distributor, etc Mott Media, Inc.
Date of publication, distribution, etc c1982
300 ## - PHYSICAL DESCRIPTION
Extent 244 p. ;
Dimensions 21 cm.
650 ## - SUBJECT ADDED ENTRY--TOPICAL TERM
Topical term or geographic name as entry element Bible
General subdivision Theology
650 ## - SUBJECT ADDED ENTRY--TOPICAL TERM
Topical term or geographic name as entry element Evangelistic Work
General subdivision Study and Teaching
650 ## - SUBJECT ADDED ENTRY--TOPICAL TERM
Topical term or geographic name as entry element Holiness
650 ## - SUBJECT ADDED ENTRY--TOPICAL TERM
Topical term or geographic name as entry element Redemption
650 ## - SUBJECT ADDED ENTRY--TOPICAL TERM
Topical term or geographic name as entry element Salvation
650 ## - SUBJECT ADDED ENTRY--TOPICAL TERM
Topical term or geographic name as entry element Sanctification
650 ## - SUBJECT ADDED ENTRY--TOPICAL TERM
Topical term or geographic name as entry element Sin
942 ## - ADDED ENTRY ELEMENTS (KOHA)
Source of classification or shelving scheme
Koha item type Books
Copies
Lost status Date acquired Source of classification or shelving scheme Permanent Location Full call number Copy number Barcode Koha item type Price effective from Date last seen Withdrawn status Damaged status Shelving location Not for loan
 2010-04-14 RHEMA Bible Training CollegeBS 543 .O811125Books2010-04-142018-02-16  General Stacks